[Event "NED-ch U16/U18 Girls"]
[Site "Almelo"]
[Date "2021.08.07"]
[Round "7"]
[White "Honkoop, Stella"]
[Black "Duson, Stella"]
[Result "1-0"]
[WhiteElo "1573"]
[BlackElo "1259"]
[PlyCount "91"]
[EventDate "2021.08.01"]
[EventType "swiss"]
[EventRounds "7"]
[EventCountry "NED"]
[SourceTitle "EXT 2022"]
[Source "ChessBase"]
[SourceDate "2021.10.06"]
[SourceVersion "1"]
[SourceVersionDate "2021.10.06"]
[SourceQuality "1"]

1. d4 d5 2. c4 c6 3. Nc3 dxc4 4. Bf4 Bf5 5. e4 Bg6 6. Bxc4 Nf6 7. f3 e6 8. Nge2 a6 9. a4 Bb4 10. Qb3 a5 11. 0-0 Nbd7 12. Na2 c5 13. Bb5 0-0 14. Bg5 Qc7 15. Nxb4 cxb4 16. Rac1 Qb6 17. e5 Nxe5 18. Be3 Ned7 19. d5 Qd6 20. dxe6 Qxe6 21. Qxe6 fxe6 22. Bxd7 Nxd7 23. Rc7 Nf6 24. Rxb7 Rfd8 25. Nd4 Ra6 26. Rc1 e5 27. Nc6 Rd6 28. Ne7+ Kf7 29. Rcc7 Ke6 30. Nxg6 hxg6 31. Rxg7 Rac6 32. Rge7+ Kd5 33. b3 Rc5 34. Bxc5 Kxc5 35. Rxe5+ Kc6 36. Ra7 Rd1+ 37. Kf2 Rd2+ 38. Ke1 Rxg2 39. Ra6+ Kd7 40. Rxf6 Rxh2 41. Rxa5 g5 42. Ra7+ Ke8 43. Rb6 Rh1+ 44. Kf2 Rd1 45. Rh6 g4 46. Rh8# 1-0

[Event "NED-ch U16/U18 Girls"]
[Site "Almelo"]
[Date "2021.08.05"]
[Round "5"]
[White "Duson, Stella"]
[Black "Venema, Katja"]
[Result "0-1"]
[WhiteElo "1259"]
[BlackElo "1356"]
[PlyCount "110"]
[EventDate "2021.08.01"]
[EventType "swiss"]
[EventRounds "7"]
[EventCountry "NED"]
[SourceTitle "EXT 2022"]
[Source "ChessBase"]
[SourceDate "2021.10.06"]
[SourceVersion "1"]
[SourceVersionDate "2021.10.06"]
[SourceQuality "1"]

1. e4 e6 2. d4 d5 3. exd5 exd5 4. Bd3 Nf6 5. Nf3 Nc6 6. 0-0 Be7 7. Bg5 0-0 8. Re1 Bg4 9. c3 Qd6 10. Nbd2 Nd8 11. Qc2 h6 12. Bxf6 Qxf6 13. Be2 Qb6 14. Ne5 Be6 15. Bf3 Re8 16. Re2 Nc6 17. Rae1 Nxe5 18. Rxe5 Bd6 19. R5e2 c6 20. Bg4 Qc7 21. g3 Qd7 22. Bxe6 Rxe6 23. Rxe6 fxe6 24. Qg6 Re8 25. f4 Qf7 26. Qxf7+ Kxf7 27. Nf3 Kf6 28. Nh4 c5 29. dxc5 Bxc5+ 30. Kg2 g5 31. fxg5+ hxg5 32. Nf3 e5 33. h4 gxh4 34. gxh4 e4 35. Kg3 Rg8+ 36. Ng5 Ke5 37. Kg4 Rf8 38. Nh3 Rg8+ 39. Ng5 Be7 40. Rf1 Rf8 41. Nf7+ Ke6 42. Ng5+ Ke5 43. Rxf8 Bxf8 44. Nf7+ Kf6 45. Ng5 Bh6 46. Kf4 a5 47. c4 dxc4 48. Kxe4 b5 49. Kd4 Kf5 50. Kc5 a4 51. Kxb5 a3 52. bxa3 c3 53. Nf3 Ke4 54. Kb4 c2 55. Nd2+ Bxd2+ 0-1